| 000 | 00754nam a2200181Ia 4500 | ||
|---|---|---|---|
| 999 |
_c2658 _d2658 |
||
| 003 | DO-SdBJH | ||
| 005 | 20180416174754.0 | ||
| 008 | 180414s9999 dr 000 0 spa d | ||
| 040 |
_aDO-SdBJH _bspa _cDO-SdBJH |
||
| 090 | _aDM FM 25-101 1990 | ||
| 110 | _aInstituto de Cooperación para la Seguridad Hemisférica | ||
| 245 | 1 | 0 | _aFM 25-101 Adistramiento enfocado en la batalla, soldados, jefes y unidades del batallón y la compañía / Instituto de Cooperación para la Seguridad Hemisférica |
| 260 | _aFuerte Benning, Georgia : Cuartel General Secretaría del Ejército, 1990 | ||
| 300 | _aviii, 186 páginas en varias paginaciones | ||
| 504 | _aIncluye apéndices | ||
| 650 | 4 | _aAdiestramiento -- Batallas -- Soldados y jefes | |
| 942 |
_2ddc _cBK |
||